quiz de films divers #2 - Statistiques

Statistiques générales
  • Ce quiz a été pris 138 fois
  • Le résultat moyen est 11 sur 42
Statistiques - réponses
genre indications réponse % Correct
un poisson clown... le monde de nemo
85%
elle a une très longue chevelure raiponce
79%
tom hanks est gardien dans une prison la ligne verte
73%
héros de la mythologie hercules
72%
un jeu de société magique jumanji
71%
Dicaprio est inspecteur dans un asile shutter island
65%
une toupie, des architectes, Edith Piaf inception
47%
film de patrice Leconte de 1978 les bronzés
39%
compilation de musiques classique fantasia
38%
une bande d'amis à la recherche d'un trésor de pirate les goonies
38%
le troisième volet est réalisé par Nicolas Bedos oss 117
35%
"ne m'oublie pas" coco
33%
"Barrez vous, cons de mimes" la cité de la peur
33%
dernier volet de la saga "les gendarmes" le gendarme et les gendarmettes
29%
C'est un vampire, mais ce n'est pas Dracula Nosferatu
29%
adaptation d'un livre de King avec Kathy Bates misery
27%
Australien le film "post apocalyptique" le plus connu mad max
26%
ville où habite Superman metropolis
24%
il retrace les derniers jours du fuhrer la chute
23%
Français "Elle s'appelle Edmé" Hibernatus
20%
1977 pour craven, 2006 pour Aja la colline a des yeux
19%
qui est le père de Christian entre Pierre Richard et Depardieu? les compères
19%
Allemand Pete lorre est un tueur d'enfants m le maudit
19%
américain "do, le do, il a bon dos" la mélodie du bonheur
16%
le personnage principal a peur du vide sueurs froides
16%
"pauvres âmes en perdition" la petite sirène
15%
film de lynch où le titre est aussi le titre d'une chanson blue velvet
13%
dernier film d'animation en 2D la princesse et la grenouille
13%
disney dernier film avec Walter Elias Disney le livre de la jungle
13%
pari de méphisto faust
12%
anglais "Always look on the bright side of life" la vie de Brian
12%
film de Tobe Hooper s'inspirant de Ed Gein massacre à la tronçonneuse
12%
"au revoir, Shosanna" inglourious basterds
10%
la lune a un visage le voyage dans la lune
10%
dernier film d'hitchcock complot de famille
9%
une femme dans un train a disparu une femme disparait
9%
film de Spielberg avec Dan akroyd et John Belushi 1941
8%
film fondateur de l'expressionnisme Allemand le cabinet du docteur Caligari
8%
tom baxter sort du film la rose pourpre du Caire
6%
premier film parlant d'Hitchcock chantage
4%
"les plaisirs des grandes lectures" Neuilly sa mère
4%
Shaun fait la rencontre de Skinheads this is England
4%
Aucun quiz correspondant
Distribution des résultats
% des personnes avec chaque résultat
Percentile par nombre de réponses
Votre historique - résultats
Vous n’avez pas pris ce quiz